• 首页
  • 本馆介绍
  • 公告通知
  • 最新文献
  • 馆藏检索
  • 电子资源
  • 读者导购
  • 参考咨询
  • 我的图书馆
  • 登录
  • 详细信息显示
  • 放入我的书架
  • 预约/预借图书
  • 作者相关作品
  • 分类相关作品
  • 丛书相关作品
  • 出版社相关作品

书目信息

  • 表格格式
  • 工作单格式
  • 卡片格式
题名:
世界名诗选译
    
 
作者: 施颖洲 译
分册:  
出版信息: 北京   中国友谊出版公司  1987.3
页数: 327页
开本: 20cm
丛书名:
单 册:
中图分类: I12
科图分类:
主题词: 诗歌--作品集--世界
电子资源:
ISBN:
000 00566nam0 2200205 45
001 0312221749
005 20050328172140.8
010    @dCNY1.70
091    @a10309.170
100    @a20031222d1987 km y0chiy0120 ea
101    @achi
105    @a z 000yy
200 1  @a世界名诗选译@AShi Jie Ming Shi Xuan Yi@f(菲律宾)施颖洲译@F(Fei Lu Bin)Shi Ying Zhou Yi
210    @a北京@c中国友谊出版公司@d1987.3
215    @a327页@d20cm
606 0  @a诗歌@x作品集@x世界
690    @aI12@v3
701 0  @a施颖洲@4译
801    @aCN@bTSTCL@c20031222
905    @dI12@e155@f1@b204194
    
    世界名诗选译/(菲律宾)施颖洲译.-北京:中国友谊出版公司,1987.3
    327页;20cm
    
    
    ISBN :CNY1.70
    
●
相关链接 在E读中查询图书 在五车中查询图书 在当当中查询图书 在豆瓣中查询图书


正题名:世界名诗选译     索取号:I12/155         预约/预借

序号 登录号 条形码 馆藏地/架位号 状态 备注
1 0204192   000086971   第二借阅区/ [索取号:I12/155] 在馆    
2 0204193   000086999   第二借阅区/ [索取号:I12/155] 在馆    
3 0204194   002008972   第一样本阅览室/ [索取号:I12/155] 在馆    
4 0204195   000086980   第二借阅区/ [索取号:I12/155] 在馆    
唐山师范学院图书馆 欢迎您!
大连网信软件有限公司© 版权所有